LEADER 00641nam a2200205 i 4500 001 991004311736507536 005 20240311153600.0 008 240311s1982 it e 001 0 ita d 020 $a0710004621 040 $aBibl. Dip.le Aggr. Scienze Umane e Sociali - Sez. Studi Storici 082 0 $a355.009 100 1 $aGooch, John.$4aut.$0133796 245 10$aArmies in Europe 260 $aLondon; Boston; Henley :$bRoutledge,$c1980 300 $aX, 286 p.$c22 cm 650 7$aEserciti - Europa - 1789-1945 651 7$aEuropa - Storia militare - 1789-1945 912 $a991004311736507536 996 $aArmies in Europe$94130582 997 $aUNISALENTO